000 01062nam a2200265Ia 4500
003 OSt
005 20221005105141.0
006 a|||||r|||| 00| 0
007 ta
008 221004b |||||||| |||| 00| 0 hin d
020 _a8179751392 (hbk)
_c350
024 _a97389
037 _b416, 23/03/2009, Swaraj Prakashan
_cTextual
040 _aCRL
_cCRL
_bhin
041 _2hin
_ahin
082 _aO152,4M80x, P5
100 _aमंगलमूर्त्ति, संपा.
245 0 _aप्रेमचंद पत्रों में
246 _aPremachanda patroan mean
260 _aनई दिल्ली
_bअनामिका पब्लिशर्स एंड डिस्ट्रीब्यूटर्स प्रा. लिमिटेड भारत
_c2005
300 _a232पृ0
_ccm.
650 _aहिन्दी साहित्य
942 _hO152,4M80x, P5
_cTEXL
_2cc
999 _c1014932
_d1014932